{"text_format":"1","workbook":"xlsx","n_sheets":10,"sheets":["1ª MEDIÇÃO","2ª MEDIÇÃO","3ª MEDIÇÃO","4ª MEDIÇÃO","5ª MEDIÇÃO","6ª MEDIÇÃO","7ª MEDIÇÃO","8ª MEDIÇÃO","9ª MEDIÇÃO","PLANILHA SINTÉTICA"],"not_rendered":{"charts":0,"images":2,"macros":1,"external_links":12,"defined_names":1440,"comments":0,"pivot_tables":0},"unopened":[],"bounds":{"document_bytes":16777216,"sheet_cells":100000,"rows_first":2000,"rows_last":500,"rows_between":2000,"halvings":0,"cell_chars":16384,"cell_head_chars":4096},"cells_cut":0,"cells_raw":0,"read":"whole","date_system":"1900"}

{"sheet":"1ª MEDIÇÃO","index":0,"n_rows":4,"n_cols":10,"rows_kept":4,"cut":false,"hidden":true,"merged":[[0,0,0,8],[1,0,1,8],[2,0,2,8]]}
["TRIBUNAL DE JUSTIÇA DE PERNAMBUCO"]
[{"$f":"#REF!","v":{"$error":"#REF!"}}]
["MEMÓRIA DE CALCULO - 1ª MEDIÇÃO"]
["ITEM","DESCRIÇÃO","QUANT.","LARG.","COMP.","ALT.","TAXA","TOTAL","UNID","MEMORIAL FOTOGRÁFICO"]

{"sheet":"2ª MEDIÇÃO","index":1,"n_rows":4,"n_cols":10,"rows_kept":4,"cut":false,"hidden":true,"merged":[[0,0,0,8],[1,0,1,8],[2,0,2,8]]}
["TRIBUNAL DE JUSTIÇA DE PERNAMBUCO"]
[{"$f":"#REF!","v":{"$error":"#REF!"}}]
["MEMÓRIA DE CALCULO - 2ª MEDIÇÃO"]
["ITEM","DESCRIÇÃO","QUANT.","LARG.","COMP.","ALT.","TAXA","TOTAL","UNID","MEMORIAL FOTOGRÁFICO"]

{"sheet":"3ª MEDIÇÃO","index":2,"n_rows":4,"n_cols":10,"rows_kept":4,"cut":false,"hidden":true,"merged":[[0,0,0,8],[1,0,1,8],[2,0,2,8]]}
["TRIBUNAL DE JUSTIÇA DE PERNAMBUCO"]
[{"$f":"#REF!","v":{"$error":"#REF!"}}]
["MEMÓRIA DE CALCULO - 3ª MEDIÇÃO"]
["ITEM","DESCRIÇÃO","QUANT.","LARG.","COMP.","ALT.","TAXA","TOTAL","UNID","MEMORIAL FOTOGRÁFICO"]

{"sheet":"4ª MEDIÇÃO","index":3,"n_rows":4,"n_cols":10,"rows_kept":4,"cut":false,"hidden":true,"merged":[[0,0,0,8],[1,0,1,8],[2,0,2,8]]}
["TRIBUNAL DE JUSTIÇA DE PERNAMBUCO"]
[{"$f":"#REF!","v":{"$error":"#REF!"}}]
["MEMÓRIA DE CALCULO - 4ª MEDIÇÃO"]
["ITEM","DESCRIÇÃO","QUANT.","LARG.","COMP.","ALT.","TAXA","TOTAL","UNID","MEMORIAL FOTOGRÁFICO"]

{"sheet":"5ª MEDIÇÃO","index":4,"n_rows":4,"n_cols":10,"rows_kept":4,"cut":false,"hidden":true,"merged":[[0,0,0,8],[1,0,1,8],[2,0,2,8]]}
["TRIBUNAL DE JUSTIÇA DE PERNAMBUCO"]
[{"$f":"#REF!","v":{"$error":"#REF!"}}]
["MEMÓRIA DE CALCULO - 5ª MEDIÇÃO"]
["ITEM","DESCRIÇÃO","QUANT.","LARG.","COMP.","ALT.","TAXA","TOTAL","UNID","MEMORIAL FOTOGRÁFICO"]

{"sheet":"6ª MEDIÇÃO","index":5,"n_rows":4,"n_cols":10,"rows_kept":4,"cut":false,"hidden":true,"merged":[[0,0,0,8],[1,0,1,8],[2,0,2,8]]}
["TRIBUNAL DE JUSTIÇA DE PERNAMBUCO"]
[{"$f":"#REF!","v":{"$error":"#REF!"}}]
["MEMÓRIA DE CALCULO - 6ª MEDIÇÃO"]
["ITEM","DESCRIÇÃO","QUANT.","LARG.","COMP.","ALT.","TAXA","TOTAL","UNID","MEMORIAL FOTOGRÁFICO"]

{"sheet":"7ª MEDIÇÃO","index":6,"n_rows":4,"n_cols":10,"rows_kept":4,"cut":false,"hidden":true,"merged":[[0,0,0,8],[1,0,1,8],[2,0,2,8]]}
["TRIBUNAL DE JUSTIÇA DE PERNAMBUCO"]
[{"$f":"#REF!","v":{"$error":"#REF!"}}]
["MEMÓRIA DE CALCULO - 7ª MEDIÇÃO"]
["ITEM","DESCRIÇÃO","QUANT.","LARG.","COMP.","ALT.","TAXA","TOTAL","UNID","MEMORIAL FOTOGRÁFICO"]

{"sheet":"8ª MEDIÇÃO","index":7,"n_rows":4,"n_cols":10,"rows_kept":4,"cut":false,"hidden":true,"merged":[[0,0,0,8],[1,0,1,8],[2,0,2,8]]}
["TRIBUNAL DE JUSTIÇA DE PERNAMBUCO"]
[{"$f":"#REF!","v":{"$error":"#REF!"}}]
["MEMÓRIA DE CALCULO - 8ª MEDIÇÃO"]
["ITEM","DESCRIÇÃO","QUANT.","LARG.","COMP.","ALT.","TAXA","TOTAL","UNID","MEMORIAL FOTOGRÁFICO"]

{"sheet":"9ª MEDIÇÃO","index":8,"n_rows":4,"n_cols":10,"rows_kept":4,"cut":false,"hidden":true,"merged":[[0,0,0,8],[1,0,1,8],[2,0,2,8]]}
["TRIBUNAL DE JUSTIÇA DE PERNAMBUCO"]
[{"$f":"#REF!","v":{"$error":"#REF!"}}]
["MEMÓRIA DE CALCULO - 9ª MEDIÇÃO"]
["ITEM","DESCRIÇÃO","QUANT.","LARG.","COMP.","ALT.","TAXA","TOTAL","UNID","MEMORIAL FOTOGRÁFICO"]

{"sheet":"PLANILHA SINTÉTICA","index":9,"n_rows":237,"n_cols":7,"rows_kept":237,"cut":false,"hidden":false,"merged":[[6,5,6,6],[0,7,0,8],[1,7,1,8],[2,7,2,8],[0,0,0,3],[0,5,0,6],[1,0,2,3],[1,5,1,6],[2,5,2,6],[236,0,236,5],[3,7,3,8],[4,7,4,8],[7,5,7,6],[7,4,8,4],[7,0,8,0],[7,2,8,2],[7,3,8,3],[7,1,8,1],[5,7,5,8],[6,7,6,8],[3,0,4,3],[3,5,3,6],[4,5,4,6],[5,0,6,3],[5,5,5,6]]}
["PODER JUDICIÁRIO",null,null,null,"Obra:","SERVIÇOS COMPLEMENTARES PARA OS GALPÕES DO ALMOXARIFADO E PATRIMÔNIO DO TJPE"]
["TRIBUNAL DE JUSTIÇA DE PERNAMBUCO",null,null,null,"Local:","Rodovia BR-101 Sul, Km 80, Gleba III, Prazeres, Jaboatão dos Guararapes/PE, CEP: 54.335-000"]
[null,null,null,null,"Contrato:","025/2024 -TJPE"]
["DIRETORIA DE ENGENHARIA E ARQUITETURA",null,null,null,"Situação:","Encerrada"]
[null,null,null,null,"Contratada:","BRITO E MELO INCORPORAÇÕES LTDA"]
["QUANTITATIVOS E PREÇOS CONTRATADOS",null,null,null,"Valor Total:",{"$f":"G237","v":3008925.8200000003}]
[null,null,null,null,"DATA ASSINATURA DO CONTRATO","2024-01-15"]
["ITEM","Cód. Efisco","DESCRIÇÃO","UN","QUANT. TOTAL","TOTAL"]
[null,null,null,null,null,"P. UNIT","P. TOTAL"]
["1.0",null,"ART/ENSAIO/AS BUILT"]
["1.1","439519-0","ART Execução de obra - responsável técnico da contratada.","un",1,320.73,320.73]
["1.2","411552-0","Controle Tecnológico do Concreto com ensaio de compressão de corpos de prova cilíndricos (NBR 5739)/2007, com transporte para o laboratório realizado pelo cliente.","un",332,23.93,7944.76]
["1.3","411682-8","AS BUILT dos projetos de instalações elétricas, hidro-sanitárias, pavimentação e drenagem.","m²",12512.22,0.87000000000000011,10885.63]
["2.0",null,"ADMINISTRAÇÃO LOCAL DA OBRA / MÁQUINAS E EQUIPAMENTOS ",null,null,0,0]
["2.1","401010-8","Administração local pelo período da Obra.","un/mês",6,35032.31,210193.86]
["2.2","314578-6","Mobilização da obra (pessoal, máquinas e equipamentos).","un",2,2274.59,4549.18]
["2.3","411686-0","Locação de  andaime metálico tubular tipo torre incluindo plataforma metálica, guarda corpo metálico, escada, inclusive montagem e desmontagem.","mxmês",32,47.150000000000006,1508.8]
["2.4","424313-7","Locação de andaime do tipo fachadeiro compostos de quadros verticais com, plataformas contraventamento diagonais, barra de ligação, escadas de acesso, piso metálico, base ajustável e travamento em tubo e demais acessórios necessários, inclusive carregamento, descarregamento.","m²xmês",7036.1999999999989,21.67,152474.45000000001]
["2.5","586110-1","Substituição de lâmpada para iluminação pública,  inclui fornecimento de lâmpada led 100w, luz branca 6500k, tln190 - e40, 120º de ângulo de abertura, marca glight ou equivalente).","un",8,351.21000000000004,2809.68]
["3.0",null,"SERVIÇOS PRELIMINARES",null,null,0,0]
["3.1","507588-2","Limpeza manual de vegetação em terreno com enxada","m²",1898.51,3.68,6986.51]
["4.0",null,"CANTEIRO DE OBRA",null,null,0,0]
["4.1","439634-0","Ligação provisória de energia. (Container)","un",1,1618.49,1618.49]
["4.2","401750-1","Ligações provisórias de água e sanitário. ","un",1,824.48,824.48]
["4.3","478789-7","Locação de conteiner para uso de escritório medido 2,3 x6,0m, alt=2,5m, com 1 sanitário, sem divisórias internas e sem mobiliário.","un/mês",6,851.04,5106.24]
["4.4","478209-7","Locação de conteiner para sanitário  medido 2,3 x4,3m, alt=2,5m, c/ 5 bacias, 1 lavatório e 4 mictórios.","un/mês",6,1063.8,6382.8]
["4.5","349916-2","Frete para entrega\\ retirada de container para obra na REGIÃO METROPOLITANA DO RECIFE em Guindauto (Munck) modelo Argos 20.5 com capacidade para 6,0 ton a 4,0 m de raio. ","un",4,1101.97,4407.88]
["4.6","501875-7","Placa de obra em lona plástica  impressão digital alta resolução com acabamento em ilhós, fixação em abraçadeiras de nylon, estrutura em ferro galvanizado.","m²",4,443.23,1772.92]
["5.0",null,"DEMOLIÇÃO/ REMOÇÃO / RETIRADA / ATERRO / TRANSPORTE",null,null,0,0]
["5.1","535951-1","Demolição de concreto manualmente","m³",0.6,356.9,214.14]
["5.2","212536-6","Retirada de vidro liso comum transparente, espessura 6mm. ","m²",0.82,14.14,11.59]
["5.3","435106-1","Demolição de revestimento de piso em cimentado.","m²",67.64,16.43,1111.32]
["5.4","357039-8","Retirada de calha/ rufo metálico.","m",42.4,14.620000000000001,619.88]
["5.5","451539-0","Retirada de tubos de PVC rígidos soldáveis diâmetro 100mm para águas pluviais, com reaproveitamento do tubo.","m",42.4,28.66,1215.18]
["5.6","500160-9","Retirada de coberta em policarbonato. ","m²",163.84000000000003,9.75,1597.44]
["5.7","552266-8","Demolição de alvenaria de bloco de concreto de vedação - com revestimento.","m³",2.7,73.19,197.61]
["5.8","435114-2","Demolição de revestimento com argamassa de cimento e areia.","m²",1410.32,24.68,34806.69]
["5.9","528880-0","Transporte horizontal com jerica de 60 l, de massa/ granel (unidade: m3xkm). af_07/2019","m³xkm",4.59,1666.5,7649.23]
["5.10","553633-2","Aluguel de Caçamba estacionária com até 6m³ com destinação final de resíduos sólidos.","un",39,566.91,22109.49]
["5.11","465159-6","Taxa de descarte de resíduos da construção civil.","t",344.61,31.01,10686.35]
["5.12","526419-7","Demolição de alvenaria de tijolo maciço, de forma manual, sem reaproveitamento. af_12/2017","m³",1.92,119.55,229.53]
["5.13","552257-9","Transporte manual de blocos, cobogós e revestimentos cerâmicos, até 60m","m³",140.55000000000001,75.599999999999994,10625.58]
["5.14","451592-7","Carga e descarga manual de rocha em caminhão basculante","m³",140.55000000000001,35.61,5004.9799999999996]
["5.15","530496-2","Transporte com caminhão carroceria 9t, em via urbana pavimentada, dmt até 30km (unidade: txkm). af_07/2020","txkm",5292.6,2.4299999999999997,12861.01]
["5.16","548746-3","Preparo de substrato (superfície de concreto e aço) por desbaste","m²",1.5,26.27,39.4]
["6.0",null,"MOVIMENTO DE TERRA E INFRAESTRUTURA",null,null,0,0]
["6.1","435266-1","Escavação manual em terra até 1,50 m de profundidade, sem escoramento.","m³",57.23,53.660000000000004,3070.96]
["6.2","438994-8","Aterro manual de valas com solo argilo-arenoso e compactação mecanizada.","m³",13.13,89.02,1168.83]
["6.3","435286-6","Reaterro apiloado de valas em camadas de 20cm de espessura, com aproveitamento do material escavado.","m³",30.05,73.19,2199.35]
["6.4","586111-0","Envelopamento em concreto estrutural Fck ≥ 20 Mpa, traço 1:2:3 (15x8cm), para assentamento de eletroduto de 3/4\" , inclusive escavação, forma, reaterro e remoção. (Com 8 cm de altura e 25cm de base)","m",15.6,63.05,983.58]
["6.5","586112-8","Caixa subterrânea com paredes em alvenaria, laje de tampa e fundo de brita, revestida internamente com argamassa de cimento e areia 1:4, dimensões internas (0,60x0,60)m, com profundidade de 0,60m.","un",12,256.7,3080.4]
["6.6","554052-6","Limpeza das caixas de passagem ou poços de visita","un",4,32.93,131.72]
["6.7","413687-0\n","Caixa de passagem com paredes em alvenaria, laje de tampa em concreto armado e fundo em brita (ALT.=10CM), revestida inernamente com argamassa no traço 1:4 (cimento e areia média) compreparo manual, dimensões internas (0,40X0,40)M, com profundidade de 40M, inclusive escavação, remoção e reaterro","un",9,373.93,3365.37]
["7.0",null,"SUPERESTRUTURA",null,null,0,0]
["7.1","505406-0","Armação de estruturas diversas de concreto armado, exceto vigas, pilares, lajes e fundações, utilizando aço CA-50 de 6.3 mm - Montagem.","kg",342,18.600000000000001,6361.2]
["7.2","505408-7","Armação de estruturas diversas de concreto armado, exceto vigas, pilares, lajes e fundações, utilizando aço CA-50 de 8.0 mm - Montagem. ","kg",208,17.18,3573.44]
["7.3","432923-6","Armação de estruturas diversas de concreto armado, exceto vigas, pilares, lajes e fundações, utilizando aço CA-50 de 12.5 mm - Montagem. ","kg",196,12.559999999999999,2461.7600000000002]
["7.4","431518-9 ","Armação de estruturas diversas de concreto armado, exceto vigas, pilares, lajes e fundações, utilizando aço ca-60 de 5,0 mm - montagem. af_06/2022","kg",5,20.060000000000002,100.3]
["7.5","586113-6","Fabricação de fôrma para escadas, com 2 lances em \"l\" e laje plana, em chapa de madeira compensada plastificada, e=18 mm. af_11/2020","m2",2.92,230.85999999999999,674.11]
["7.6","571515-6","Montagem e desmontagem de fôrma para escadas, com 2 lances em \"l\" e laje plana, em chapa de madeira compensada plastificada, 6 utilizações. af_11/2020","m²",2.92,249.79000000000002,729.38]
["7.7","510115-8","Concretagem de radier, piso de concreto ou laje sobre solo, fck 30 mpa - lançamento, adensamento e acabamento. af_09/2021","m³",5.04,588.95999999999992,2968.35]
["8.0",null,"ALVENARIAS",null,null,0,0]
["8.1","586114-4","Alvenaria estrutural de blocos cerâmicos 14x19x29, (espessura de 14 cm), para paredes com área líquida menor que 6m², com vãos, utilizando colher de pedreiro e argamassa de assentamento com preparo em betoneira. af_12/2014","m²",22.8,110.76,2525.3200000000002]
["9.0",null,"REVESTIMENTOS DE PAREDES INTERNAS ",null,null,0,0]
["9.1","432304-1 ","Chapisco aplicado em alvenarias e estruturas de concreto internas, com colher de pedreiro. Argamassa traço 1:3 com preparo em betoneira 400l.","m²",761.52,4.88,3716.21]
["9.2","496262-1","(Composição representativa) do serviço de emboço/massa única, traço 1:2:8, preparo mecânico, com betoneira de 400l, em paredes de ambientes internos, com execução de taliscas, para edificação habitacional multifamiliar (prédio).","m²",761.52,46.069999999999993,35083.22]
["9.3","587059-3","Fornecimento e instalação de verga e contraverga em concreto seção 10 x 10 cm com transpasse de 30,00 cm para cada lado.","m",6,56.12,336.72]
["10.0",null,"REVESTIMENTOS DE PAREDES EXTERNAS - FACHADA",null,null,0,0]
["10.1","433325-0","Chapisco aplicado em alvenaria (com presença de vãos) e estruturas de concreto de fachada, com colher de pedreiro.  argamassa traço 1:3 com preparo em betoneira 400l. ","m²",1421.14,8.84,12562.87]
["10.2","432316-5","Emboço ou massa única em argamassa traço 1:2:8, preparo mecânico com betoneira 400 l, aplicada manualmente em panos de fachada com presença de vãos, espessura de 25 mm. ","m²",778.66,62.660000000000004,48790.83]
["10.3","484991-4","Fornecimento e assentamento de tela de aço soldada galvanizada/zincada para alvenaria, fio  d = *1,24 mm, malha 25 x 25 mm.","m²",53.02,37.520000000000003,1989.31]
["10.4","427763-5","Fornecimento e aplicação de junta de mastique, inclusive preenchimento da junta com tarucel 25mm.","m",6,78.86,473.16]
["10.5","586482-8","Enchimento de cobogó tipo boca de lobo medida 40x30cm ","m³",2.6,833.3599999999999,2166.73]
["10.6","586116-0","Fornecimento de cerâmica cor CINZA LUX da Elizabeth ou equivalente, dimensões aproximadas 5x10cm, assentada em paredes, com argamassa colante industrializada AC II e rejuntada com argamassa de rejuntamento flexível impermeável.","m²",735.44,102.78,75588.52]
["11.0",null,"ESQUADRIAS/RECUPERAÇÃO",null,null,0,0]
["11.1","586120-9","Fornecimento e instalação de esquadria em alumínio anodizado fosco, Mega 25, lnha 25, contramarcos (CM-200), vidro laminado incolor espessura (3+3) 6mm (3,86 x 2,10m) portas de giro e fixas 2 folhas de giro 2 folhas fixas (EA 2) ","m²",32.42,775.66,25146.89]
["11.2","586121-7","Fornecimento e instalação de esquadria em alumínio anodizado  fosco, Mega 25, lnha 25, contramarcos (CM-200), vidro laminado incolor espessura (3+3) 6mm (15,18x1,00 e 2,00x2,10m) portas de giro 2 folhas e 18 folhas fixas de esquadrias (PV 3)","m²",38.76,761.94,29532.79]
["11.3","586130-6","Fornecimento e instalação de esquadria em alumínio anodizado  fosco, Mega 25, lnha 25, contramarcos (CM-200), vidro laminado incolor espessura (3+3) 6mm (0,96x2,10m e 2,72x1,00m) porta de giro 1 folha esquadria fixa 2 folhas (PV 1)","m²",9.4700000000000006,757.31999999999994,7171.82]
["11.4","586133-0","Fornecimento e instalação de esquadria em alumínio anodizado  fosco, Mega 25, lnha 25, contramarcos (CM-200), vidro laminado incolor espessura (3+3) 6mm (2,00x2,10m) (PV 2)","m²",8.4,760.16,6385.34]
["11.5","491782-0","Remoção de revestimento em laminado melamínico.","m²",53.910000000000004,9.61,518.07000000000005]
["11.6","428191-8","Revestimento em laminado melamínico texturizado, espessura 0,8mm, fixado com cola.","m²",56.61,118.56,6711.68]
["11.7","552323-0","Retirada de fechadura de embutir para portas internas.","un",28,7.25,203]
["11.8","586143-8","Fornecimento e instalação de fechadura de embutir para portas internas, completa, acabamento cromado, Linha Duna re. 88/87 da IMAB ou equivalente.","un",39,155.31,6057.09]
["11.9","586136-5","Instalação de vidro laminado, e = 6 mm, encaixado em perfil u. inclusive contramarco","m²",3.34,643.04999999999995,2147.7800000000002]
["11.10","485732-1","Fornecimento e instalação de tela mosquiteiro tipo fibra de vidro, malha 10x10mm, com moldura em alumínio anodizado natural.","m²",546,118.55000000000001,64728.3]
["11.11","567091-8","Kit de porta-pronta de madeira em acabamento melamínico branco, folha leve ou média, 90x210, exclusive fechadura, fixação com preenchimento total de espuma expansiva - fornecimento e instalação. af_12/2019","un",7,707.13,4949.91]
["11.12","586322-8","Kit de porta-pronta de madeira em acabamento melamínico branco, folha leve ou média, 90x160cm, exclusive fechadura, fixação com preenchimento parcial de espuma expansiva - fornecimento e instalação.","un",1,697.02,697.02]
["11.13","586323-6","Kit de porta de madeira com acabamento melamínico, semi-oca (leve ou média), padrão médio, duas folhas de 100x210cm, espessura de 3,5cm, itens inclusos: dobradiças, montagem e instalação do batente, sem fechadura - fornecimento e instalação.","un",3,2972.08,8916.24]
["12.0",null,"FORRO",null,null,0,0]
["12.1","243615-9","Fornecimento e instalação de forro de lã de vidro, com dimensões de 1250x625mm, espessura de 20mm, revestido na face aparente com PVC micro perfurada opção boreal, ISOVER ou similar, atirantados na laje por perfis \"T\" em aço galvanizado clicáveis e apoiados em estrutura de alumínio sistema T invertido, pintado eletrostaticamente na cor branca.","m²",80,200.07,16005.6]
["12.2","429834-9","Fornecimento e instalação de placas removíveis de dry wall Techniforro Knauff ou equivalente, nas dimensões de 1250x625mm, espessura de 9,5mm, em estrutura já existente.","m²",3.25,50.65,164.61]
["13.0",null,"PISOS",null,null,0,0]
["13.1","490143-6","Piso cimentado, traço 1:3 (cimento e areia), acabamento liso, espessura 2,0 cm, preparo mecânico da argamassa.","m²",7.8,40.659999999999997,317.14]
["13.2","485083-1","Piso em concreto polido Fck 20 Mpa, espessura 5cm, incluso juntas de dilatação plásticas, polimento mecanizado e bombeamento do concreto.","m²",4607.13,63.7,293474.18]
["13.3","430078-5","Armação em tela de aço soldada nervurada Q-61, aço CA-60, 3,4mm, malha 15x15cm.","kg",5671.5,14.290000000000001,81045.73]
["13.4","457069-3","Execução de passeio (calçada) ou piso de concreto com concreto moldado in loco, feito em obra, acabamento convencional, espessura 8 cm, armado. af_08/2022","m²",922.36,108.12,99725.56]
["13.5","563911-5","Cerâmica tipo A, PEI 5, 80 x 80 cm, linha Imbassai HD, Elizabeth ou equivalente, assentado com argamassa pré fabricada AC II, Quartzolit ou equivalente, inclusive rejunte Quartzolit ou equivalente. ","m² ",37.11,108.49000000000001,4026.06]
["13.6","596562-4","Fornecimento e assentamento de faixas antiderrapantes frisadas dos degraus, composta por 4 (quatro) sulcos, com 5cm, em granito verde ubatuba, com acabamento reto. (DEGRAUS ESCADAS INTERNAS E EXTERNAS)","m",39,89.11,3475.29]
["13.7","546770-5","Junta de dilatação com preenchimento parcial em isopor h=15cm e preenchimento do complemento com mastique de poliuretano seção 2x2cm, MBT, Basf, ou similar.","m",58,76.940000000000012,4462.5200000000004]
["14.0",null,"PAVIMENTAÇÃO E DRENAGEM",null,null,0,0]
["14.1","545914-1","Levantamento topográfico planimétrico cadastral.","m²",13032.01,0.4,5212.8]
["14.2","435280-7","Escavação e carga mecânicas de material de primeira categoria, proveniente de corte de subleito, e ainda transporte com D.M.T. 0,2Km.","m³",31.34,5.08,159.19999999999999]
["14.3","513061-1","Regularização e compactação de subleito de solo predominantemente argiloso. af_11/2019","m² ",3824.95,3,11474.85]
["14.4","480899-1","Execução de imprimação com asfalto diluído CM-30. ","m²",3824.95,11.93,45631.65]
["14.5","476778-0","Execução de pavimento com aplicação de concreto asfáltico, camada de rolamento - exclusive carga e transporte. af_11/2019","m³",286.87,2052.58,588823.62]
["14.6","487773-0","Retirada de meio fio em concreto com aproveitamento.","m",273.39999999999998,11.52,3149.56]
["14.7","202927-8","Assentamento de meio fio reaproveitado de concreto pré-moldado, padrão DNER, rejuntado com argamassa de cimento e areia 1:2.","m",273.39999999999998,11.26,3078.48]
["14.8","587298-7","Construção de caixa coletora tipo com grelha fofo simples  - Tijolos maciços prensados - nas dimensões internas de 0,25x0,85x1,00m, inclusive escavação, reaterro compactado e remoção do material excedente","un",19,1614.17,30669.23]
["14.9","586374-0","Caixa coletora de inspeção ou de areia com paredes em alvenaria, laje de tampa e de fundo em concreto, revestida internamente com argamassa de cimento e areia 1:4, dimensões internas 0,80 x 0,80m, com profundidade até 1,0m.","un",3,1020.96,3062.88]
["14.10","436355-8","Construção de poço de visita tipo \"com gaveta\" em alvenaria de 1 vez de Tijolos maciços, prensados, nas dimensões internas 1,00x1,00x1,50m, inclusive escavação, reaterro compactado e remoção do material excedente (com sobretampa de concreto).","un",2,4989.3899999999994,9978.7800000000007]
["14.11","587697-4","Chaminé circular para poço de visita para esgoto, em concreto pré-moldado, diâmetro interno = 0,6 m. af_12/2020","un",7,258.05,1806.35]
["14.12","482720-1","Demolição de pavimento intertravado, de forma manual, com reaproveitamento.","m²",878.44,17.759999999999998,15601.09]
["14.13","436334-5","Fornecimento e assentamento de meio fio de concreto, para pavimentação prensado (padrão DNER) rejuntado com argamassa de cimento e areia no traço 1:2.","m",302.33,70.52,21320.31]
["14.14","523349-6","Recomposição de pavimento em paralelepípedos, rejuntamento com argamassa, com reaproveitamento dos paralelepípedos, para o fechamento de valas - incluso retirada e colocação do material. af_12/2020","m²",8,74.8,598.4]
["14.15","436337-0","Construção de linha d'água com paralelepípedos graníticos, assentados sobre mistura de cimento e areia no traço 1:6, com 6 cm de espessura e rejuntados com argamassa de cimento e areia, no traço 1:2, inclusive base de concreto 1:4:8, com 10 cm de espessura. ","m",749.58,51.8,38828.239999999998]
["14.16","554295-2","Substituição das tampas em concreto armado - Espessura - 7,00 cm Dimensões ( 70,00 x 70,00 cm)","un",10,111.21000000000001,1112.0999999999999]
["14.17","586377-5","Substituição da tampa em concreto armado - Espessura - 10,00 cm Dimensões ( 1,00 x 1,00 m)","un",2,302.36,604.72]
["14.18","586378-3","Substituição de tampa de sarjeta em concreto - Espessura - 10,00 cm Dimensões (1,00 x 0,40 m) ","un",1,132.45999999999998,132.46]
["14.19","586379-1","Substituição da tampa em concreto armado - Espessura - 10,00 cm Diâmetro - 1,00 m","un",4,293.32,1173.28]
["14.20","587684-2","Meio-fio rebaixado para calçada, com remoção e recomposição de meio fio existente.","m",3.78,20.6,77.86]
["14.21","437113-5","Fornecimento e assentamento de tubos de PVC rígidos soldáveis diâmetro 200mm para coletores e sub-coletores de esgoto ou águas pluviais, inclusive abertura e fechamento de valas.  ","m",7,160.66,1124.6199999999999]
["14.22","596566-7","Tubulação PVC esgoto predial Ø 300mm, para coletores ou sub-coletores de esgoto ou águas pluviais.","m",95.5,398.05,38013.769999999997]
["14.23","471988-3","Galeria de tubos de concreto C2- 0,30m de diâmetro, inclusive escavação mecânica das valas até 1,50m de profundidade, reaterro compactado, remoção do material excedente e ainda fornecimento e assentamento dos tubos.","m",49,160.23000000000002,7851.27]
["14.24","436376-0","Galeria de tubos de concreto C2- 0,40m de diâmetro, inclusive escavação mecânica das valas até 1,50m de profundidade, reaterro compactado, remoção do material excedente e ainda fornecimento e assentamento dos tubos.","m",166,272.69,45266.54]
["14.25","471249-8","Execução de pavimento em piso intertravado, com bloco pisograma de 35 x 15 cm, espessura 8 cm. af_10/2022","m²",34.5,118.88,4101.3599999999997]
["14.26","586428-3","Reassentamento de blocos pisograma para piso intertravado, com reaproveitamento dos blocos pisograma - incluso retirada e colocação do material. af_12/2020","m²",46,30.93,1422.78]
["15.0",null,"CORRIMÃOS",null,null,0,0]
["15.1","486994-0","Fornecimento e instalação de complementação de corrimão, incluindo guarda corpo em aço inox AISI 304, diâmetro de 1 e 1/2\", altura de 1,10m do piso; e longarinas intermediárias em aço inox, diâmetro de 1/2\", alturas em relação ao piso de 0,25m de eixo entre si, considerando o aproveitamento do corrimão e tubos de aço existentes. CORRIMÃO TIPO 01","m",83,161.48000000000002,13402.84]
["15.2","488935-5","Fornecimento e instalação de complementação de corrimão, incluindo corrimão de aço inox AISI 304, diâmetro de 1 e 1/2\", altura de 0,70m do piso; guarda corpo em aço inox, diâmetro de 1 e 1/2\", altura de 1,10m do piso; e longarinas intermediárias em aço inox, diâmetro de 1/2\", alturas em relação ao piso de 0,25m de eixo entre si, considerando aproveitamento de corrimão e tubos de aço existentes. -  CORRIMÃO TIPO 02","m",31.8,211.94,6739.69]
["15.3","486991-5","Fornecimento e instalação de corrimão em aço inox AISI 304, escovado, composto por corrimãos em aço inox com diâmetro de 1 e 1/2\" e alturas de 0,70m e 0,92m do piso, e de longarinas intermediárias em aço inox com diâmetro de 1/2\" com altura de 0,25m de eixo entre si, balaústre de aço inox com diâmetro de 1 e 1/2\", fixado no piso com roseta de aço inox nas dimensões 5\" x 1/8\" e chumbador metálico tipo UR 6mm. CORRIMÃO TIPO 03. Novo","m",16.8,178.13,2992.58]
["15.4","486999-0","Fornecimento e instalação de complementação de corrimão, incluindo guarda corpo em aço inox, diâmetro de 1 e 1/2\", altura de 1,10m do piso; e longarinas intermediárias e superior em aço inox, diâmetro de 1/2\", alturas em relação ao piso de 0,25m de eixo entre si, considerando aproveitamento do corrimão e tubos de aço existentes. - CORRIMÃO TIPO 04.","m",18,178.13,3206.34]
["15.5","460716-3","Fornecimento e instalação de corrimão em aço inox AISI 304, escovado, composto por corrimãos em aço inox com diâmetro de 1 e 1/2\" e alturas de 0,70m e 0,92m do piso, balaústre de aço inox com diâmetro de 1 e 1/2\", fixado no piso com roseta de aço inox nas dimensões 5\" x 1/8\" e chumbador metálico tipo UR 6mm. CORRIMÃO TIPO 05. Novo","m",18,343.3,6179.4]
["15.6","482827-5","Retirada de corrimão existente (com aproveitamento)","m",3.78,16.16,61.08]
["15.7","551891-1","Corrente de aço galvanizado 3/16\" - Com gancho olhal","m",4,32.269999999999996,129.08000000000001]
["16.0",null,"COBERTA",null,null,0,0]
["16.1","586452-6","Chapa metálica de 150x150x8mm chumbada em parafuso ","unid",24,249.38,5985.12]
["16.2","587671-0","Confecção e montagem de estrutura metálica para coberta composta de vigas de perfil L 3x1/4\", ASTM A36, soldadas em placas-base metálicas de 150x150x8 mm, ASTM A36, através de parafusos de especificação do tipo WALSYWA CB 14200, ASTM A36, conforme projeto. (Escadas metálicas de emergência)","m",38.400000000000006,107.75999999999999,4137.9799999999996]
["16.3","586432-1","Calha em chapa de alumínio espessura de 0,70 mm, desenvolvimento de 40cm, incluso transporte vertical.","m",25.6,147.68,3780.6]
["16.4","444511-2","Telhamento com telha metálica termoacústica e = 30 mm, com até 2 águas, incluso içamento. af_07/2019","m²",218.51,241.86,52848.82]
["17.0",null,"IMPERMEABILIZAÇÃO",null,null,0,0]
["17.1","556955-9","Impermeabilização de superfície com manta asfáltica, uma camada, inclusive aplicação de primer asfáltico, e=4mm.","m²",24.919999999999998,147.03,3663.98]
["17.2","204993-7","Regularização piso com argamassa traço 1:4, e=3cm, para revestimento de piso.","m²",24.919999999999998,49.79,1240.76]
["18.0",null,"PINTURAS",null,null,0,0]
["18.1","432003-4","Aplicação de fundo selador acrílico em paredes, uma demão.","m²",761.52,3.09,2353.09]
["18.2","441101-3","Aplicação e lixamento de massa látex em paredes, duas demãos.","m²",2063.16,16.54,34124.660000000003]
["18.3","432006-9","Aplicação manual de pintura com tinta látex acrílica em paredes, duas demãos.","m²",6508.24,17.16,111681.39]
["18.4","485282-6","Aplicação manual de fundo selador acrílico em panos cegos de fachada (sem presença de vãos) de edifícios de múltiplos pavimentos. ","m²",3499.89,2.44,8539.73]
["18.5","501907-9","Aplicação manual de massa acrílica em panos de fachada com presença de vãos, de edifícios de múltiplos pavimentos, uma demão. ","m²",699.98,19.240000000000002,13467.61]
["18.6","490457-5","Aplicação manual de tinta látex acrílica em panos com presença de vãos de edifícios de múltiplos pavimentos, duas demãos.","m²",3499.89,17.47,61143.07]
["18.7","432006-9","Aplicação manual de pintura com tinta látex acrílica em paredes, duas demãos.","m²",739.2,17.16,12684.67]
["18.8","434286-0","Pintura de piso com tinta acrílica, aplicação manual, 2 demãos, incluso fundo preparador.","m²",77.53,21.43,1661.46]
["18.9","586456-9","Pintura com cromato de zinco aplicada a rolo ou pincel sobre superfícies metálicas (exceto perfil) executado em obra (por demão). af_01/2020","M2",334.68,27.119999999999997,9076.52]
["18.10","514662-3","Pintura com tinta alquídica de acabamento (esmalte sintético acetinado) aplicada a rolo ou pincel sobre superfícies metálicas (exceto perfil) executado em obra, 02 demãos.","m²",334.68,53.9,18039.25]
["18.11","586457-7","Lixamento com escova circular em superfícies metálicas em obra.","m²",334.68,11.9,3982.69]
["19.0",null,"INSTALAÇÕES DE PREVENÇÃO E COMBATE A INCÊNDIO",null,null,0,0]
["19.1","485902-2","Remoção de portas, de forma manual, sem reaproveitamento. af_12/2017","m²",7.5600000000000005,10.29,77.790000000000006]
["19.2","485906-5","Remoção de luminárias, de forma manual, sem reaproveitamento. af_12/2017","un",112,1.4200000000000002,159.04]
["19.3","587481-5","Retirada de acionador manual endereçável, fab. Apollo ou equivalente            ","un",1,15.84,15.84]
["19.4","586463-1","Porta corta-fogo 80x210x4cm, inclusive barra anti-pânico dupla, cega lado oposto - fornecimento e instalação. ","un",4,3231.78,12927.12]
["19.5","586462-3","Pintura com tinta intumescente, 2 (duas) demãos, para porta corta-fogo 0,90X2,10m, com aplicação de fundo anticorrosivo.","m²",7.5600000000000005,43.97,332.41]
["19.6","586459-3","Fornecimento e instalação de luminária de emergência tipo bloco autônomo, potência das lâmpadas 2x55W, tensão de alimentação 127/220V, autonomia 2h, com bateria.","un",100,296.03000000000003,29603]
["19.7","432309-2","Fornecimento e instalação de luminária autônoma indicador de seta de emergência de sobrepor p/aclaramento ou balizamento mod.LAU 2x11 c/2 lâmpadas 11w e bateria selada","un",12,565.9799999999999,6791.76]
["19.8","523226-0","Extintor de incêndio portátil com carga de pqs de 6 kg, classe bc - fornecimento e instalação. af_10/2020_p","un",15,284.72000000000003,4270.8]
["19.9","535524-9","Fornecimento e instalação de acionador de alarme de incêndio endereçável tipo \"aperte aqui\", fabricante Engesul.","un",1,166.11,166.11]
["19.10","586467-4","Pintura esmalte sintético, 2 (duas) demãos, para tubulação de 4\"de ferro, com aplicação de fundo anticorrosivo.","m",100,16.22,1622]
["19.11","586468-2","Pintura esmalte sintético, 2 (duas) demãos, para tubulação de 6\"de ferro, com aplicação de fundo anticorrosivo.","m",60,24.39,1463.4]
["19.12","586469-0","Pintura esmalte sintético, 2 (duas) demãos, para tubulação de 8\"de ferro, com aplicação de fundo anticorrosivo.","m",50,32.479999999999997,1624]
["19.13","587081-0","Tratamento anticorrosivo e pintura com esmalte sintético cor verde em motobomba centrífuga de recalque de água, pot. 30CV.","un",2,89.05,178.1]
["19.14","587082-8","Tratamento anticorrosivo e pintura com esmalte sintético cor verde em motobomba centrífuga de recalque de água, pot. 2CV.","un",2,25.73,51.46]
["19.15","546760-8","Hidrante de recalque incluindo caixa em alvenaria de tijolos maciços esp. = 0,12m, dim. int. = 0.40 x 0.60 x 0.35m, com tampa em ferro fundido 0,40 x 0,60 e fundo com brita","un",1,1111.2,1111.2]
["19.16","587699-0","Fixação de carretel mangotinho com par de parafusos sextavados 1/4\" X 60mm, com buchas de nylon Nº 10.","un",3,78.02,234.06]
["20.0",null,"INSTALAÇÕES HIDROSSANITÁRIAS",null,null,0,0]
["20.1","430684-8","Fornecimento e fixação de assento para bacia sanitária linha Riviera ou equivalente, inclusive acessórios de fixação.","un.",12,420.89,5050.68]
["20.2","438607-8","Fornecimento e fixação de assento para bacia sanitária Linha Acesso com caixa acoplada, fabricante Celite  ou equivalente ","un.",4,242.8,971.2]
["20.3","461558-1","Fornecimento e assentamento de caixa de descarga acoplada Celite, sistema Ecoflush 3/6, louça na cor branca.","un.",4,1009.9300000000001,4039.72]
["20.4"," 442617-7","Fornecimento e instalação de torneira de mesa para lavatório acionamento manual e fechamento automático, Fabrimar ou equivalente. (Wc's)","un.",12,173.04999999999998,2076.6]
["20.5","429516-1","Fornecimento e instalação de tubos de PVC, SÉRIE R, água pluvial, DN 100 mm (instalado em ramal de encaminhamento, ou condutores verticais), inclusive conexões, cortes e fixações, para prédios. ","m","16,8",73.39,1232.95]
["21.0",null,"INSTALAÇÕES ELÉTRICAS",null,null,0,0]
["21.1",null,"ELETRODUTOS",null,null,0,0]
["21.1.1","435907-0","Eletroduto de PVC rígido rosqueável de 1.1/2\", com luva de rosca interna e acessórios, assentado em valas com profundidade de 0,60m, inclusive escavação e reaterro. Fornecimento e instalação.","m",89.7,55.519999999999996,4980.1400000000003]
["21.1.2","432016-6","Eletroduto de PVC rígido rosqueável de 3/4\", com luva de rosca interna e acessórios, aparente, fixado sobre parede com abraçadeira. Fornecimento e instalação.","m",52,16.600000000000001,863.2]
["21.1.3","203490-5","Eletroduto de PVC rígido rosqueável de 3/4\", com luva de rosca interna e acessórios, fixado na laje com vergalhão zincado rosca total, chumbador, abraçadeira tipo D e demais acessórios de fixação. Fornecimento e instalação.","m",110.4,31.07,3430.12]
["21.1.4","203483-2","Eletroduto de Ferro Galvanizado leve de 3/4\", com luva de rosca interna e acessórios, aparente, fixado sobre parede com abraçadeira. Fornecimento e instalação.","m",94.45,33.129999999999995,3129.12]
["21.1.5","116133-4","Eletroduto flexível corrugado, em PVC, 3/4\", DN 25 mm (3/4\").  Fornecimento e instalação.","m",144,7.95,1144.8]
["21.2",null,"CONDUTORES",null,null,0,0]
["21.2.1","355005-2","Cabo de cobre flexível, isolado classe 4 ou 5, seção nominal de 2,5mm², anti-chama, 450/750V - 70ºC, inclusive instalação em eletroduto/eletrocalha.","m",623.25,4.5299999999999994,2823.32]
["21.2.2","355004-4","Cabo de cobre flexível, isolado classe 4 ou 5, seção nominal de 4,0mm², anti-chama, 450/750V - 70ºC, inclusive  instalação em eletroduto/eletrocalha.","m",161.80000000000001,7,1132.5999999999999]
["21.2.3","424598-9","Cabo de cobre flexível, isolado classe 4 ou 5, seção nominal de 2,5mm², anti-chama, 0,6/1kV - 70ºC, inclusive  instalação em eletroduto/eletrocalha.","m",550,5.07,2788.5]
["21.2.4","476356-4","Cabo multipolar de cobre, flexível, classe 4 ou 5, isolação em HEPR, cobertura em PVC-ST2, antichama BWF-B, 0,6/1 kV, 3 condutores de 2,5 mm². Fornecimento e instalação.","m",144,15.309999999999999,2204.64]
["21.3",null,"QUADROS/DISJUNTORES",null,null,0,0]
["21.3.1","130651-0","Quadro de distribuição de sobrepor, em PVC, para 4 disjuntores padrão DIN, inclusive acessórios. Fornecimento e instalação.","und",1,75.680000000000007,75.680000000000007]
["21.3.2","450615-4","Disjuntor termomagnético tripolar, corrente nominal de 25A, padrão DIN, Siemens ou equivalente, incluindo terminais à compressão. Fornecimento e instalação. ","und",2,98.93,197.86]
["21.3.3","203842-0","Disjuntor termomagnético monopolar, corrente nominal de 6A a 32A, padrão DIN, Siemens ou equivalente, incluindo terminal à compressão. Fornecimento e instalação. ","und",3,15.64,46.92]
["21.4",null,"CONDULETES",null,null,0,0]
["21.4.1","555293-1","Condulete em PVC com tampa, tipo L, para eletroduto roscável de 3/4\",  inclusive acessórios de fixação. Fornecimento e instalação.","und",2,48.05,96.1]
["21.4.2","396607-0","Condulete de PVC com tampa, tipo T, para eletroduto roscável de 3/4\", aparente, inclusive acessórios de fixação. Fornecimento e instalação.","und",12,51.95,623.4]
["21.4.3","508307-9","Condulete de alumínio tipo L roscável, com tampa, para eletrodudo de 3/4\", aparente, inclusive acessórios de fixação, fornecimento e instalação.","und",28,30.86,864.08]
["21.4.4","459569-6","Condulete de alumínio tipo T roscável, com tampa, para eletrodudo de 3/4\", aparente, inclusive acessórios de fixação, fornecimento e instalação.","und",3,35.19,105.57]
["21.5",null,"LUMINÁRIAS E POSTES",null,null,0,0]
["21.5.1","481190-9","Luminária em LED para iluminação pública, incluíndo o driver, conjunto óptico, LED e o invólucro em alumínio ou aço inox com pintura resistente à corrosão;  com potência nominal mínima de 100 W; com grau de proteção IP65 ou superior, com eficiência luminosa mínima 100 lumens por Watt, montagem lateral em braço de iluminação pública ou poste metálico (diâmentro de conexão 42 ou 60mm) incluindo ferragens para fixação; tensão nominal entre 100 e 240 Volts com fator de potência do sistema superior a 0,9; com temperatura de cor entre 4000 e 5000K, inclusive relé fotoelétrico. Fornecimento e instalação em poste de até 10m.","und",11,622.28000000000009,6845.08]
["21.5.2","496550-7","Refletor retangular fechado, de uso externo com tecnologia LED, potência 50w. Corpo em alumínio e fechamento em vidro temperado, com alça de instalação. Pintura eletrostática a pó. Utilização em fachadas, praças, jardins e outros. Grau de proteção mínimo IP-65 (blindado e protegido contra jatos d’água). Driver integrado, produto pronto para instalação.","und",12,85.22999999999999,1022.76]
["21.5.3","429609-5","Refletor retangular fechado, de uso externo com tecnologia LED, potência 10w. Corpo em alumínio e fechamento em vidro temperado, com alça de instalação. Pintura eletrostática a pó. Utilização em fachadas, praças, jardins e outros. Grau de proteção mínimo IP-65 (blindado e protegido contra jatos d’água). Driver integrado, produto pronto para instalação.","und",15,53.83,807.45]
["21.5.4","457543-1","Relé fotoelétrico para comando de iluminação externa 220V/1000W, de conector, com base. Fornecimento e instalação.","un",27,59.64,1610.28]
["21.5.5","373073-5","Poste curvo simples, telecônico, confeccionado em tubo de aço SAE 1010/1020, galvanizado a fogo, medindo 8,0 metros (altura útil), base flangeada, inclusive chumbadores produzidos em aço SAE 1010/1020, galvanizados a fogo, acompanhados de porcas, contraporcas e arruelas, para a fixação do flange do poste na caixa de concreto e suporte fixo curto para luminárias públicas tipo pétala a led, DI 63,51mm/150mm, confeccionado em tubo de aço galvanizado a fogo, com parafusos de fixação . Fornecimento e instalação","und",1,3593.38,3593.38]
["21.5.6","401184-8","Poste curvo duplo, telecônico, confeccionado em tubo de aço SAE 1010/1020, galvanizado a fogo, medindo 8,0 metros (altura útil), base flangeada, inclusive chumbadores produzidos em aço SAE 1010/1020, galvanizados a fogo, acompanhados de porcas, contraporcas e arruelas, para a fixação do flange do poste na caixa de concreto e suporte fixo curto para luminárias públicas tipo pétala a led, DI 63,51mm/150mm, confeccionado em tubo de aço galvanizado a fogo, com parafusos de fixação . Fornecimento e instalação","und",5,3991.67,19958.349999999999]
["21.5.7","476402-1","Terminal a compressão em cobre estanhado para cabo de 50mm², 1 furo, incluisive parafuso sextavado em aço inox 1/4\"x1.1/4\", arruelas lisas e porca sextavada de 1/4\". Fornecimento e instalação","cj",9,32.85,295.64999999999998]
["21.5.8","485163-3","Solda exotérmica para cabo-haste. Fornecimento e instalação.","und",9,66.53,598.77]
["21.5.9","398109-6","Haste de aterramento (tipo copperweld) de  5/8\" x 3,0 m. Fornecimento e instalação","und",9,107.42,966.78]
["21.5.10","224089-0","Cabo de cobre nu, têmpera meio-duro, encordoamento classe 2, seção nominal de 50,0mm². Fornecimento e instalação.","m",9,64.37,579.33000000000004]
["21.5.11","588817-4","Remoção e reposição de poste de aço galvanizado curvo (simples ou  duplo), flangeado, medindo 8,0 metros (altura útil), incluindo chumbadores novos, produzidos em aço SAE 1010/1020, galvanizados a fogo, acompanhados de porcas, contraporcas e arruelas, para a fixação do flange do poste na base de concreto Remoção, fornecimento de materiais e instalação.","und",3,1736.15,5208.45]
["21.5.12","466983-5","Retirada de luminária para iluminação pública, em altura de até 10m.","und",12,83.87,1006.44]
["21.5.13","586869-6","Substituição de luminária vapor metálico 250w, em poste de até 9m, por luminária de LED para iluminação pública, incluíndo o driver, conjunto óptico, LED e o invólucro em alumínio ou aço inox com pintura resistente à corrosão; com potência nominal mínima de 100 W; com grau de proteção IP65 ou superior, com eficiência luminosa mínima 100 lumens por Watt, montagem lateral em braço de iluminação pública ou poste metálico (diâmentro de conexão 42 ou 60mm) incluindo ferragens para fixação; tensão nominal entre 100 e 240 Volts com fator de potência do sistema superior a 0,9; com temperatura de cor entre 4000 e 5000K, inclusive relé fotoelétrico. Fornecimento e instalação em poste de até 10m.","und",92,666.48,61316.160000000003]
["21.6",null,"DIVERSOS",null,null,0,0]
["21.6.1","450682-0","Tomada insdustrial completa, trifásica, 3P+T, 30A, com placa e trava. Fornecimento e instalação.","und",1,75.27000000000001,75.27]
["21.7",null,"CABEAMENTO ESTRUTURADO ",null,null,0,0]
["21.7.1",null,"CONDUTOS",null,null,0,0]
["21.7.1.1","461182-9","Perfilado perfurado, galvanizado, em chapa 22, dim.: 38x38mm, inclusive acessórios de derivação e fixação. Fornecimento e instalação.                        ","m",828.2,52.879999999999995,43795.21]
["21.7.1.2","439092-0","Eletroduto de PVC rígido rosqueável de 2\", com luva de rosca interna e acessórios aparente, fixado sobre parede com abraçadeira. Fornecimento e instalação.","m",5,42.120000000000005,210.6]
["21.7.1.3","440094-1","Eletroduto de PVC rígido rosqueável de 1\", com luva de rosca interna, curva  e acessórios, aparente, fixado sobre parede com abraçadeira. Fornecimento e instalação.","m",198.7,22.14,4399.21]
["21.7.2",null,"CONDUTORES",null,null,0,0]
["21.7.2.1","527446-0","Cabo de par trançado UTP, 4 pares, cat. 6,  Furukawa ou equivalente. Fornecimento e instalação em eletroduto/eletrocalha.","m",4493.8999999999996,4.1400000000000006,18604.740000000002]
["21.7.3",null,"CONDULETES",null,null,0,0]
["21.7.3.1","522862-0","Condulete de PVC com tampa, tipo L, para eletroduto roscável de 1\", aparente, inclusive acessórios de fixação. Fornecimento e instalação.","und",32,55.56,1777.92]
["21.7.3.2","508417-2","Condulete de PVC tipo X roscável sem tampa, para eletrodudo de 1\" aparente, inclusive acessórios de fixação, fornecimento e instalação.","und",61,60.63,3698.43]
["21.7.3.3","419269-9","Condulete de alumínio tipo L roscável, com tampa, para eletrodudo de 1\", aparente, inclusive acessórios de fixação, fornecimento e instalação.","und",12,42.34,508.08]
["21.7.4",null,"TOMADAS",null,null,0,0]
["21.7.4.1","464751-3","Tomada simples para voz/dados para caixa 4x2 \", composta por suporte, placa para um posto, um módulo  de tomada RJ45, cat. 6, cor branca, Pialplus ou equivalente, inclusive conexão/crimpagem tipo impacto (push-down). Fornecimento e instalação.","cj",61,51.519999999999996,3142.72]
["22.0",null,"DIVERSOS",null,null,0,0]
["22.1","587692-3","Fornecimento e instalação de bate-rodas (h total=1,30m) em tubo de ferro galvanizado 4\" preenchido em concreto, sendo h=0,95m acima da calçada e h=0,35m chumbado, distância de 1,50m entre eles. (Inclui escavação com 0,30m de diâmetro e altura de 0,35m, chumbamento em concreto e pintura em esmalte sintético nas cores preta e amarela)","un",58,402.61,23351.38]
["22.2","587676-1","Recuperação de escada metálica de emergência para 2 pisos, confeccionada com perfis metálicos, vigas, pilares e tubos, soldados eletricamente, desoxidados, pintados com 01 demão de cromato de zinco de 40 micras, seguido de 02 demãos de esmalte sintético de cores distintas de 30 micras cada demão, totalizando 100 micras de película seca.","m²",17.87,695.01,12419.82]
["22.3","586484-4","Instalação de espelho Convexo de 60cm com vidro simples e borda de borracha","un",1,320.22000000000003,320.22000000000003]
["22.4","587695-8","Fornecimento e instalação de toldo tipo bambinela em lona de laminado pvc Night & Day com fundo blackout, anti-chama, anti-fungos, anti-mofo,anti-raios, UV e UVB, com estrutura em tubo industrial chapa 18 com aplicação de antiferrugem epóxi, acabamento esmalte sintético.","m²",5.6,200.9,1125.04]
["22.5","586489-5","Base para colocação de poste de concreto  FCK 35MPA 50x50x60, inclusive escavação e aterro.","un",9,708.27,6374.43]
["23.0",null,"Limpeza/ Desmobilização da obra",null,null,0,0]
["23.1","314578-6","Desmobilização da obra (pessoal, máquinas e equipamentos).","un",1,1469.52,1469.52]
["23.2","431654-1 ","Limpeza geral da obra","m²",4651.45,3.7,17210.36]
["TOTAL DA OBRA:",null,null,null,null,null,{"$f":"SUM(G10:G236)","v":3008925.8200000003}]